Malayala Novel 19th Noottandil (Record no. 94321)

MARC details
000 -LEADER
fixed length control field 00457nam a2200133Ia 4500
008 - FIXED-LENGTH DATA ELEMENTS--GENERAL INFORMATION
fixed length control field 211109s9999||||xx |||||||||||||| ||und||
082 ## - DEWEY DECIMAL CLASSIFICATION NUMBER
Classification number 894.1207
Item number ERU-M
100 ## - MAIN ENTRY--PERSONAL NAME
Personal name Erumpayam, George
245 #0 - TITLE STATEMENT
Title Malayala Novel 19th Noottandil
260 ## - PUBLICATION, DISTRIBUTION, ETC.
Name of publisher, distributor, etc. National Book Stall
Place of publication, distribution, etc. Kottayam
Date of publication, distribution, etc. 1984
630 ## - SUBJECT ADDED ENTRY--UNIFORM TITLE
General subdivision General Stack
650 ## - SUBJECT ADDED ENTRY--TOPICAL TERM
Topical term or geographic name entry element Malayalam Novel
942 ## - ADDED ENTRY ELEMENTS (KOHA)
Koha item type BOOK
650 ## - SUBJECT ADDED ENTRY--TOPICAL TERM
Form subdivision Malayalam literature
General subdivision Malayalam literature historyAltaic, Uralic, Hyperborean & Dravidian Malayalam
Holdings
Withdrawn status Lost status Damaged status Not for loan Home library Current library Date acquired Cost, normal purchase price Total Checkouts Full call number Barcode Shelving location Date last seen Price effective from Koha item type
        SB LIBRARY SB LIBRARY 09/11/2021 100.00   894.1207 ERU-M 00079314 GENERAL STACK 09/11/2021 09/11/2021 BOOK

Powered by Koha